00684nab a2200193 uc450000100070000000500170000700800410002403500110006503500210007604000130009704100080011010000440011824500860016265000420024865000230029065000160031365000180032977301430034768639720240201164021.0010831e19991231 spa  a686397 a(OCoLC)819914342 ccomduadb aspa10aCifuentes Honrubia, Jose Luis4auteaut10aBases sintacticas y bases semanticas de la inacusatividad en verbos en movimiento 7aGramática comparada y general2lemb aEspañol - Verbos aErgatividad aTransitividad0 tRevista de Investigación Lingüística (Murcia)gVolumen 02, Número 02, Julio-Diciembre de 1999, p. 37-72w591195x1139-11460148999